000 01259nam a2200349 4500
001 212
003 OSt
005 20250902095011.0
008 250203b |||||||g |||| 00| 1 eng d
020 _a8506044197
040 _bpor
041 _heng
_apor
082 _a028.5
_bD754sr
100 1 _aDoyle, Arthur Conan,
_d1859-1930
_9388
240 _aThe adventures of Sherlock Holmes
245 _aSherlock Holmes:
_bO roubo da coroa de Berilos e outras aventuras /
_cDoyle, Arthur Conan ; Tradução de Antonio Carlos Vilela
260 _aSão Paulo
_bMelhoramentos
_c2003
300 _a127 p.
520 _a"Seis aventuras com Sherlock Holmes, o mais famoso detetive inglês: “O Carbúnculo Azul”, “A Faixa Manchada”, “O Polegar do Técnico”, “O Solteirão Nobre”, “O Roubo da Coroa de Berilos” e “As Faias de Cobre”."
650 0 _aLiteratura Inglesa
_989
650 0 _aAdaptação
_9788
650 0 _aCrime e Investigação
_913
650 0 _aRomance Policial
_911
650 0 _aSuspense
_910
650 0 _aMistério
_942
650 0 _aClássicos
_977
650 0 _aFilme
_926
655 0 _aRomance
_923
655 0 _aFicção
_922
700 1 _aVilela, Antonio Carlos,
_d1966-
_eTradutor
_91015
942 _2ddc
_n0
_cBK
999 _c212
_d212